Estatísticas para Matemática Rápida - Raízes Quadradas

Clique aqui para jogar o quiz

Estatísticas Gerais

  • Esse quiz foi jogado 1 569 vezes
  • A pontuação média é 12 de 20

Estatísticas das Respostas

problemaresponda% Correto
11
94%
819
93%
42
91%
164
91%
255
91%
93
90%
12111
89%
14412
89%
10010
88%
40020
88%
497
88%
366
87%
648
87%
16913
84%
22515
77%
90030
77%
19614
74%
160040
74%
25616
72%
250050
71%
62525
68%
360060
66%
32418
59%
44121
59%
52923
58%
102432
58%
122535
58%
28917
55%
96131
55%
36119
51%
48422
51%
84129
51%
202545
51%
72927
49%
67626
48%
57624
47%
302555
46%
78428
45%
108933
45%
168141
44%
240149
43%
129636
42%
144438
42%
270452
42%
260151
41%
115634
40%
152139
40%
211646
40%
184943
39%
280953
39%
176442
38%
313656
38%
220947
37%
336458
37%
348159
37%
230448
35%
291654
34%
324957
34%
136937
33%
193644
33%

Distribuição das Pontuações

Percentil de Números Respondidos

Porcentagem de Pessoas com Cada Pontuação

Sua Pontuação Histórica

Você não jogou esse quiz